000 006390000a22001930004500
003 LK-CoMWRAF
008 230817t1992 ||||| |||| 00| 0 eng d
020 _a955905211X
040 _aLK-CoMWRAF
_dLK-CoMWRAF
_eLK-CoMWRAF
041 _aeng
082 _a305.309
_bWOM
111 _aTHIRD NATIONAL CONVENTION ON WOMEN'S STUDIES
_c( [Colombo
_dMarch 1992)
245 _aGender and society :
_bsome contemporary issues
260 _aColombo:
_bCentre for Women's Research, Sri Lanka,
_c1992
300 _a 69 p. : map ; 23 cm
650 _aWomen- Sri Lanka- Economic conditions 20th century
650 _aWomen- Social conditions
942 _cCP
999 _c52
_d52